00341nam a2200121Ia 4500008004100000020001400041050001500055100001700070245005800087260003700145300002400182650001300206150202s9999 xx 000 0 und d a545010221 aFIC bFIC  aRowling J.K. aHarry Potter and the deathly hallows /cJ.K. Rowling. aNew York :bLevine Books,c2007. a759 pages :c18 cm. aFiction.